Quiz One Piece: Saga East Blue - Statistiques

Statistiques générales
  • Ce quiz a été pris 967 fois
  • Le résultat moyen est 12 sur 15
Statistiques - réponses
Question Réponse % Correct
Sur quelle île Gold Roger est-il mort ? Logue Town
96%
Quel est le rêve de Sanji ? Trouver All Blue.
96%
Que symbolise le nouveau tatouage de Nami ? Un moulin à vent et une mandarine
94%
Avec quoi Usopp se bat-il ? Avec un lance-pierre
90%
Comment s'appelle le chien qui protège le magasin de son maître ? Chouchou.
87%
Qui abime le chapeau de Luffy ? Baggy.
85%
Quel âge à Luffy quand il prend la mer ? 17 ans.
83%
Combien de membres Luffy veut-il recruter ? 10.
80%
Comment s'appelle le sabre maudit de Zoro ? Sandai Kitetsu
76%
Qui a envoyé Arlong sur East Blue ? Jinbe.
74%
Pourquoi Mihawk a-t-il détruit le bateau de Don Krieg ? Pour tuer le temps.
74%
Dans le manga, comment Zeff a t-il perdu sa jambe ? Il l'a mangée pour ne pas mourir de faim.
73%
Comment s'appelle le personnage qui kidnappe Luffy quand il est enfant ? Higuma.
72%
Quel est le montant de la prime du Capitaine Kuro ? 16 millions de Berry.
48%
Combien de chapitres comporte la saga East Blue ? 100 chapitres.
31%
Aucun quiz correspondant
Distribution des résultats
% des personnes avec chaque résultat
Percentile par nombre de réponses
Votre historique - résultats
Vous n’avez pas pris ce quiz